000
00292nam a22001337a 4500
008
181006b xxu||||| |||| 00| 0 eng d
020
_a
9780071779814
041
_a
eng
080
_a
510
100
_a
36
101
_a
MAT
245
_a
Differential Equations
_c
Bronson, R
942
_2
udc
_c
BK
999
_c
48932
_d
48932